[Event "Aleksandria Cup"]
[Site "?"]
[Date "2015.07.13"]
[Round "1.18"]
[White "Hudyakov, Sergey"]
[Black "Hayrapetyan, Hovik"]
[Result "0-1"]
[LiveChessVersion "1.3.1"]
[BlackElo "2444"]
[WhiteElo "2129"]

1. d4 {[%clk 1:30:57]} Nf6 {[%clk 1:30:44]} 2. c4 {[%clk 1:31:11]} e6
{[%clk 1:31:03]} 3. g3 {[%clk 1:31:00]} d5 {[%clk 1:30:45]} 4. Bg2
{[%clk 1:30:19]} dxc4 {[%clk 1:30:12]} 5. Qa4+ {[%clk 1:23:28]} Nc6
{[%clk 1:18:15]} 6. Nf3 {[%clk 1:16:23]} Bb4+ {[%clk 1:18:35]} 7. Bd2
{[%clk 1:16:30]} Nd5 {[%clk 1:17:55]} 8. a3 {[%clk 0:54:46]} Bxd2+
{[%clk 1:17:48]} 9. Nbxd2 {[%clk 0:55:06]} c3 {[%clk 1:17:46]} 10. bxc3
{[%clk 0:53:53]} Nxc3 {[%clk 1:18:12]} 11. Qc2 {[%clk 0:48:46]} Nd5
{[%clk 1:16:19]} 12. Rb1 {[%clk 0:44:03]} O-O {[%clk 1:15:29]} 13. O-O
{[%clk 0:44:14]} Qe7 {[%clk 1:15:18]} 14. e4 {[%clk 0:30:05]} Nb6
{[%clk 1:15:18]} 15. e5 {[%clk 0:28:20]} Rd8 {[%clk 1:10:49]} 16. Qe4
{[%clk 0:25:06]} h6 {[%clk 1:10:47]} 17. Rb3 {[%clk 0:24:34]} Nd5
{[%clk 1:08:58]} 18. h4 {[%clk 0:21:15]} Na5 {[%clk 1:08:06]} 19. Re3
{[%clk 0:16:09]} Bd7 {[%clk 1:05:21]} 20. Rc1 {[%clk 0:08:45]} Nxe3
{[%clk 1:05:12]} 21. Qxe3 {[%clk 0:08:58]} Bc6 {[%clk 1:04:53]} 22. g4
{[%clk 0:08:05]} Bxf3 {[%clk 0:58:06]} 23. Nxf3 {[%clk 0:08:16]} c5
{[%clk 0:56:22]} 24. dxc5 {[%clk 0:07:21]} Qd7 {[%clk 0:56:07]} 25. h5
{[%clk 0:06:11]} Qd3 {[%clk 0:54:26]} 26. Qf4 {[%clk 0:03:40]} Nb3
{[%clk 0:54:08]} 27. Bf1 {[%clk 0:04:03]} Qd5 {[%clk 0:54:01]} 28. Bc4
{[%clk 0:04:09]} Nxc1 {[%clk 0:54:25]} 29. g5 {[%clk 0:03:27]} Qd1+
{[%clk 0:54:53]} 30. Kg2 {[%clk 0:03:24]} Nd3 {[%clk 0:54:25]} 31. Qe4
{[%clk 0:02:07]} Qh1+ {[%clk 0:54:47]} 32. Kg3 {[%clk 0:02:03]} Qf1
{[%clk 0:53:45]} 33. Qe3 {[%clk 0:01:31]} hxg5 {[%clk 0:53:30]} 0-1

[Event "Aleksandria Cup"]
[Site "?"]
[Date "2015.07.13"]
[Round "1.19"]
[White "Pourramezanali, Amirreza"]
[Black "Nuri, Murad"]
[Result "1/2-1/2"]
[LiveChessVersion "1.3.1"]
[BlackElo "2128"]
[WhiteElo "2441"]

1. e4 {[%clk 1:30:57]} e6 {[%clk 1:30:54]} 2. d4 {[%clk 1:31:03]} d5
{[%clk 1:31:19]} 3. Nc3 {[%clk 1:31:27]} Bb4 {[%clk 1:31:43]} 4. e5
{[%clk 1:31:52]} c5 {[%clk 1:31:28]} 5. a3 {[%clk 1:32:15]} Bxc3+
{[%clk 1:31:54]} 6. bxc3 {[%clk 1:32:42]} Ne7 {[%clk 1:32:21]} 7. Qg4
{[%clk 1:33:05]} O-O {[%clk 1:32:45]} 8. Bd3 {[%clk 1:33:26]} f5 {[%clk 1:32:50]}
9. exf6 {[%clk 1:33:51]} Rxf6 {[%clk 1:33:17]} 10. Bg5 {[%clk 1:33:38]} Rf7
{[%clk 1:33:45]} 11. Qh5 {[%clk 1:34:00]} g6 {[%clk 1:28:04]} 12. Qd1
{[%clk 1:34:19]} Nbc6 {[%clk 1:25:02]} 13. Nf3 {[%clk 1:34:45]} c4
{[%clk 1:22:23]} 14. Be2 {[%clk 1:35:13]} Qf8 {[%clk 1:16:11]} 15. h4
{[%clk 1:35:37]} h6 {[%clk 1:11:12]} 16. Bd2 {[%clk 1:36:05]} Nf5
{[%clk 1:05:58]} 17. Qc1 {[%clk 1:36:22]} Rh7 {[%clk 1:06:25]} 18. Bf4
{[%clk 1:36:28]} Bd7 {[%clk 1:05:52]} 19. Ne5 {[%clk 1:35:33]} Nxe5
{[%clk 1:05:15]} 20. Bxe5 {[%clk 1:35:50]} Qe7 {[%clk 1:00:18]} 21. Qf4
{[%clk 1:33:05]} Rf8 {[%clk 0:59:57]} 22. Qh2 {[%clk 1:24:39]} Qf7
{[%clk 0:49:14]} 23. Kd2 {[%clk 1:21:12]} Ba4 {[%clk 0:37:37]} 24. h5
{[%clk 1:15:06]} Ne7 {[%clk 0:34:47]} 25. f4 {[%clk 1:13:41]} Nc6
{[%clk 0:32:27]} 26. Raf1 {[%clk 1:00:07]} Qf5 {[%clk 0:28:42]} 27. Bd1
{[%clk 0:58:53]} Nxe5 {[%clk 0:28:57]} 28. dxe5 {[%clk 0:59:06]} Rg7
{[%clk 0:13:39]} 29. hxg6 {[%clk 0:26:39]} Rxg6 {[%clk 0:14:07]} 30. g4
{[%clk 0:26:17]} Qe4 {[%clk 0:12:02]} 31. f5 {[%clk 0:17:42]} d4 {[%clk 0:09:00]}
32. Re1 {[%clk 0:13:31]} dxc3+ {[%clk 0:08:12]} 33. Kxc3 {[%clk 0:13:08]} Qd5
{[%clk 0:08:35]} 34. fxg6 {[%clk 0:08:10]} 1/2-1/2

[Event "Aleksandria Cup"]
[Site "?"]
[Date "2015.07.13"]
[Round "1.20"]
[White "Choladze, Mariam"]
[Black "Mikaelyan, Arman"]
[Result "0-1"]
[LiveChessVersion "1.3.1"]
[BlackElo "2436"]
[WhiteElo "2125"]

1. e4 {[%clk 1:30:52]} Nf6 {[%clk 1:30:54]} 2. e5 {[%clk 1:30:55]} Nd5
{[%clk 1:31:19]} 3. d4 {[%clk 1:31:15]} d6 {[%clk 1:31:44]} 4. Nf3
{[%clk 1:31:41]} g6 {[%clk 1:32:10]} 5. Bc4 {[%clk 1:30:42]} Nb6 {[%clk 1:32:28]}
6. Bb3 {[%clk 1:31:02]} Bg7 {[%clk 1:32:51]} 7. O-O {[%clk 1:27:31]} O-O
{[%clk 1:32:53]} 8. Qe2 {[%clk 1:25:27]} Nc6 {[%clk 1:31:41]} 9. c3
{[%clk 1:23:44]} Bg4 {[%clk 1:30:14]} 10. e6 {[%clk 1:15:09]} d5 {[%clk 1:24:43]}
11. exf7+ {[%clk 1:11:52]} Rxf7 {[%clk 1:25:08]} 12. Nbd2 {[%clk 1:12:14]} e5
{[%clk 1:24:10]} 13. Qe3 {[%clk 0:58:13]} exd4 {[%clk 1:22:37]} 14. cxd4
{[%clk 0:55:46]} Qd6 {[%clk 1:19:52]} 15. Ne4 {[%clk 0:49:04]} dxe4
{[%clk 1:13:29]} 16. Ng5 {[%clk 0:47:21]} Nd8 {[%clk 1:13:38]} 17. Qxe4
{[%clk 0:47:08]} Bd7 {[%clk 1:09:46]} 18. Qh4 {[%clk 0:43:31]} h6
{[%clk 1:03:23]} 19. Nxf7 {[%clk 0:41:19]} Nxf7 {[%clk 1:03:48]} 20. Bxh6
{[%clk 0:39:31]} Qxd4 {[%clk 0:58:55]} 21. Qe7 {[%clk 0:38:04]} Qf6
{[%clk 0:58:57]} 22. Rfe1 {[%clk 0:35:54]} Re8 {[%clk 0:46:41]} 23. Qxf7+
{[%clk 0:22:12]} Qxf7 {[%clk 0:47:05]} 24. Bxf7+ {[%clk 0:22:35]} Kxf7
{[%clk 0:47:32]} 25. Bxg7 {[%clk 0:22:55]} Kxg7 {[%clk 0:47:42]} 26. Rxe8
{[%clk 0:23:10]} Bxe8 {[%clk 0:48:10]} 27. Rd1 {[%clk 0:21:47]} Bf7
{[%clk 0:47:49]} 28. b3 {[%clk 0:16:45]} Nd5 {[%clk 0:48:15]} 29. f3
{[%clk 0:16:07]} c5 {[%clk 0:48:12]} 30. g4 {[%clk 0:16:15]} Kf6 {[%clk 0:46:54]}
31. Kf2 {[%clk 0:16:16]} a5 {[%clk 0:47:15]} 32. Kg3 {[%clk 0:14:48]} a4
{[%clk 0:44:24]} 33. f4 {[%clk 0:14:38]} a3 {[%clk 0:44:18]} 34. h4
{[%clk 0:12:42]} Nc3 {[%clk 0:41:50]} 35. Rd6+ {[%clk 0:10:54]} Ke7
{[%clk 0:39:43]} 36. Rb6 {[%clk 0:09:53]} Ne4+ {[%clk 0:40:04]} 37. Kf3
{[%clk 0:03:36]} Nd6 {[%clk 0:40:15]} 38. f5 {[%clk 0:03:24]} gxf5
{[%clk 0:39:10]} 39. Kf4 {[%clk 0:03:46]} fxg4 {[%clk 0:25:35]} 40. Ke5
{[%clk 0:33:56]} c4 {[%clk 0:55:41]} 41. Kd4 0-1

[Event "Aleksandria Cup"]
[Site "?"]
[Date "2015.07.14"]
[Round "2.1"]
[White "Mikaelyan, Arman"]
[Black "Jobava, Baadur"]
[Result "0-1"]
[LiveChessVersion "1.3.1"]
[BlackElo "2693"]
[WhiteElo "2436"]

1. Nf3 {[%clk 1:17:26]} Nf6 2. g3 {[%clk 1:17:26]} b6 3. Bg2 {[%clk 1:17:26]} Bb7
4. c4 {[%clk 1:17:26]} e6 5. O-O {[%clk 1:17:26]} Be7 6. Nc3 {[%clk 1:17:26]} O-O
7. b3 {[%clk 1:17:26]} Na6 {[%clk 1:12:12]} 8. d4 {[%clk 1:17:26]} d5
{[%clk 1:12:12]} 9. Ne5 {[%clk 1:17:26]} Qc8 {[%clk 1:12:12]} 10. cxd5
{[%clk 1:17:26]} Nxd5 {[%clk 1:12:12]} 11. Nxd5 {[%clk 1:17:26]} exd5
{[%clk 1:12:12]} 12. Bb2 {[%clk 1:17:26]} Bd6 {[%clk 1:12:12]} 13. Rc1
{[%clk 1:17:26]} Qe6 {[%clk 1:12:12]} 14. Nd3 {[%clk 1:05:38]} Qe7
{[%clk 1:06:59]} 15. e3 {[%clk 1:04:51]} Nb4 {[%clk 1:07:04]} 16. Nxb4
{[%clk 1:02:41]} Bxb4 {[%clk 1:07:04]} 17. a3 {[%clk 0:50:48]} Bd6
{[%clk 1:07:40]} 18. b4 {[%clk 0:50:48]} a5 {[%clk 1:05:34]} 19. b5
{[%clk 0:42:57]} a4 {[%clk 1:05:53]} 20. Qd3 {[%clk 0:43:18]} Qd7
{[%clk 1:05:19]} 21. Rfd1 {[%clk 0:39:23]} Rfe8 {[%clk 1:05:11]} 22. Ra1
{[%clk 0:38:47]} h5 {[%clk 1:05:15]} 23. h4 {[%clk 0:35:01]} Ra5 {[%clk 0:56:24]}
24. Bf1 {[%clk 0:31:06]} c6 25. bxc6 {[%clk 0:30:37]} Bxc6 {[%clk 0:56:42]} 26.
Qd2 {[%clk 0:30:37]} Rb5 {[%clk 0:56:42]} 27. Bxb5 {[%clk 0:30:37]} Bxb5
{[%clk 0:56:42]} 28. e4 {[%clk 0:30:37]} Rxe4 {[%clk 0:56:42]} 29. Re1
{[%clk 0:30:37]} Rxh4 {[%clk 0:56:42]} 30. Qg5 {[%clk 0:30:37]} Rh3
{[%clk 0:56:42]} 31. Re3 {[%clk 0:30:37]} Kh7 {[%clk 0:56:42]} 32. Rf3
{[%clk 0:30:37]} Be2 {[%clk 0:56:42]} 33. Re3 {[%clk 0:30:37]} Bc4
{[%clk 0:56:42]} 34. Rf3 {[%clk 0:30:37]} Be2 {[%clk 0:56:42]} 35. Re3
{[%clk 0:30:37]} Ba6 {[%clk 0:56:42]} 36. Rf3 {[%clk 0:30:37]} Bc8
{[%clk 0:56:42]} 37. Rc1 {[%clk 0:30:37]} Qg4 {[%clk 0:56:42]} 38. Qxg4
{[%clk 0:30:37]} Bxg4 {[%clk 0:56:42]} 39. Re3 {[%clk 0:30:37]} Bd7
{[%clk 0:56:42]} 40. Kg2 {[%clk 0:30:37]} h4 {[%clk 0:56:42]} 41. Rh1
{[%clk 0:30:37]} Rxh1 {[%clk 0:56:42]} 42. Kxh1 {[%clk 0:30:37]} g5
{[%clk 0:56:42]} 43. Bc1 {[%clk 0:30:37]} Kg6 {[%clk 0:56:42]} 44. Rc3
{[%clk 0:30:37]} hxg3 {[%clk 0:56:42]} 45. fxg3 {[%clk 0:30:37]} Kh5
{[%clk 0:56:42]} 46. Bd2 {[%clk 0:30:37]} Kg4 {[%clk 0:56:42]} 47. Kh2
{[%clk 0:30:37]} f5 {[%clk 0:56:42]} 48. Kg2 {[%clk 0:30:37]} Bb5
{[%clk 0:56:42]} 49. Re3 {[%clk 0:30:37]} Bc4 {[%clk 0:56:42]} 50. Bc1
{[%clk 0:30:37]} b5 {[%clk 0:56:42]} 51. Kf2 {[%clk 0:30:37]} b4 {[%clk 0:56:42]}
52. axb4 {[%clk 0:30:37]} Bxb4 {[%clk 0:56:42]} 53. Re6 {[%clk 0:30:37]} a3
{[%clk 0:56:42]} 54. Rg6 {[%clk 0:30:37]} Be7 {[%clk 0:56:42]} 55. Re6
{[%clk 0:30:37]} a2 {[%clk 0:56:42]} 56. Bb2 {[%clk 0:30:37]} Ba3
{[%clk 0:56:42]} 57. Bc3 {[%clk 0:30:37]} Bb4 {[%clk 0:56:42]} 58. Bb2
{[%clk 0:30:37]} Bd2 {[%clk 0:56:42]} 59. Re8 {[%clk 0:30:37]} f4
{[%clk 0:56:42]} 60. gxf4 {[%clk 0:30:37]} Kxf4 {[%clk 0:56:42]} 61. Re7
{[%clk 0:30:37]} g4 {[%clk 0:56:42]} 62. Re8 {[%clk 0:30:37]} g3+
{[%clk 0:56:42]} 63. Kg2 {[%clk 0:30:37]} Bb4 {[%clk 0:56:42]} 64. Bc1+
{[%clk 0:30:37]} Kf5 {[%clk 0:56:42]} 65. Re5+ {[%clk 0:30:37]} Kg4
{[%clk 0:56:42]} 66. Bb2 {[%clk 0:30:37]} Bd3 {[%clk 0:56:42]} 67. Re3
{[%clk 0:30:37]} Be4+ {[%clk 0:56:42]} 68. Kf1 {[%clk 0:30:37]} Bd2
{[%clk 0:56:42]} 69. Ra3 {[%clk 0:30:37]} Kf4 {[%clk 0:56:42]} 70. Re3
{[%clk 0:03:58]} Kg4 {[%clk 0:49:44]} 71. Ra3 {[%clk 0:04:01]} Kf4
{[%clk 0:49:56]} 72. Rxa2 {[%clk 0:00:46]} Ke5 {[%clk 0:49:45]} 0-1

[Event "Aleksandria Cup"]
[Site "?"]
[Date "2015.07.14"]
[Round "2.2"]
[White "Kuzubov, Yuriy"]
[Black "Baghdasaryen, Vahe"]
[Result "0-1"]
[LiveChessVersion "1.3.1"]
[BlackElo "2401"]
[WhiteElo "2653"]

1. d4 {[%clk 1:27:42]} d5 {[%clk 1:28:48]} 2. c4 {[%clk 1:27:42]} c6
{[%clk 1:29:13]} 3. Nf3 {[%clk 1:28:06]} Nf6 {[%clk 1:29:39]} 4. Nc3
{[%clk 1:28:28]} e6 {[%clk 1:28:32]} 5. Bg5 {[%clk 1:28:51]} dxc4
{[%clk 1:28:37]} 6. e4 {[%clk 1:29:11]} b5 {[%clk 1:29:02]} 7. e5
{[%clk 1:29:33]} h6 {[%clk 1:29:28]} 8. Bh4 {[%clk 1:29:56]} g5 {[%clk 1:29:54]}
9. Nxg5 {[%clk 1:30:16]} hxg5 {[%clk 1:30:19]} 10. Bxg5 {[%clk 1:30:40]} Nbd7
{[%clk 1:30:42]} 11. g3 {[%clk 1:30:26]} Qa5 {[%clk 1:30:17]} 12. exf6
{[%clk 1:30:40]} b4 {[%clk 1:30:37]} 13. Ne4 {[%clk 1:31:03]} Ba6
{[%clk 1:31:02]} 14. Qf3 {[%clk 1:30:28]} O-O-O {[%clk 1:31:17]} 15. Be2
{[%clk 1:29:26]} Bb7 {[%clk 1:28:49]} 16. Bxc4 {[%clk 0:27:20]} Nb6
{[%clk 1:20:09]} 17. Bb3 {[%clk 0:07:01]} c5 {[%clk 1:05:56]} 18. O-O
{[%clk 0:06:01]} c4 19. h4 Qf5 {[%clk 0:39:21]} 20. Qxf5 {[%clk 0:02:26]} exf5
{[%clk 0:39:50]} 21. Nc5 {[%clk 0:02:49]} cxb3 {[%clk 0:40:13]} 22. axb3
{[%clk 0:01:56]} Rxd4 {[%clk 0:37:10]} 23. Rfc1 {[%clk 0:02:05]} Kb8
{[%clk 0:36:13]} 24. Be3 {[%clk 0:00:32]} Bxc5 {[%clk 0:30:41]} 25. Rxc5
{[%clk 0:00:58]} Rg4 {[%clk 0:30:08]} 26. Rd1 {[%clk 0:00:32]} Bf3
{[%clk 0:30:08]} 27. Rd3 {[%clk 0:00:32]} Be4 {[%clk 0:30:08]} 28. Rd4
{[%clk 0:00:32]} Rhxh4 {[%clk 0:30:08]} 29. Kf1 {[%clk 0:00:32]} Rh8
{[%clk 0:30:08]} 30. Ke2 {[%clk 0:00:32]} Kb7 {[%clk 0:30:08]} 31. Re5
{[%clk 0:00:32]} Ka6 {[%clk 0:30:08]} 32. Re7 {[%clk 0:00:32]} Bd5
{[%clk 0:30:08]} 33. Rd1 {[%clk 0:00:32]} Bxb3 {[%clk 0:30:08]} 34. Ra1+
{[%clk 0:00:32]} Kb5 {[%clk 0:30:08]} 35. Raxa7 {[%clk 0:00:32]} Bc4+
{[%clk 0:30:08]} 36. Ke1 {[%clk 0:00:32]} Nd5 {[%clk 0:30:08]} 37. Rxf7
{[%clk 0:00:32]} Nxe3 {[%clk 0:30:08]} 38. Rfb7+ {[%clk 0:00:32]} Kc6
{[%clk 0:30:08]} 39. fxe3 {[%clk 0:00:32]} Rh1+ {[%clk 0:30:08]} 40. Kf2
{[%clk 0:00:32]} Rh2+ {[%clk 0:30:08]} 41. Kg1 {[%clk 0:00:32]} Rxb2
{[%clk 0:30:08]} 42. Rc7+ {[%clk 0:00:32]} Kd6 {[%clk 0:30:08]} 43. Rd7+
{[%clk 0:00:32]} Ke5 {[%clk 0:30:08]} 44. f7 {[%clk 0:00:32]} Rxg3+
{[%clk 0:30:08]} 45. Kh1 {[%clk 0:00:32]} Rg4 46. Kg1 Rg3+ {[%clk 0:25:11]} 47.
Kh1 {[%clk 0:31:40]} Bxf7 {[%clk 0:16:52]} 48. Rxf7 {[%clk 0:32:06]} Rxe3
{[%clk 0:17:16]} 49. Rae7+ {[%clk 0:31:12]} Kd4 {[%clk 0:17:18]} 50. Rd7+
{[%clk 0:31:22]} Kc3 {[%clk 0:17:40]} 51. Rd1 {[%clk 0:30:18]} Rbe2
{[%clk 0:13:55]} 52. Rc1+ {[%clk 0:29:47]} Kb2 {[%clk 0:13:22]} 0-1

[Event "Aleksandria Cup"]
[Site "?"]
[Date "2015.07.14"]
[Round "2.3"]
[White "Javakhadze, Zurab"]
[Black "Baklan, Vladimir"]
[Result "0-1"]
[LiveChessVersion "1.3.1"]
[BlackElo "2619"]
[WhiteElo "2415"]

1. Nf3 {[%clk 1:30:17]} Nf6 {[%clk 1:30:49]} 2. c4 {[%clk 1:30:08]} g6
{[%clk 1:31:05]} 3. Nc3 {[%clk 1:29:51]} Bg7 {[%clk 1:31:19]} 4. g3
{[%clk 1:29:24]} O-O {[%clk 1:30:52]} 5. Bg2 {[%clk 1:29:48]} d6 {[%clk 1:31:12]}
6. d4 {[%clk 1:23:44]} Nc6 {[%clk 1:30:05]} 7. O-O {[%clk 1:22:53]} e5
{[%clk 1:30:26]} 8. d5 {[%clk 1:04:58]} Nb8 {[%clk 1:30:49]} 9. Ne1
{[%clk 0:58:45]} a5 {[%clk 1:30:41]} 10. e4 {[%clk 0:57:08]} Na6 {[%clk 1:29:06]}
11. Rb1 {[%clk 0:53:58]} Nd7 {[%clk 1:21:35]} 12. b3 {[%clk 0:44:36]} f5
{[%clk 1:18:36]} 13. exf5 {[%clk 0:43:12]} gxf5 {[%clk 1:15:40]} 14. Ne2
{[%clk 0:32:53]} Nf6 {[%clk 0:53:03]} 15. f4 {[%clk 0:31:51]} Qe7
{[%clk 0:52:56]} 16. h3 {[%clk 0:26:15]} Bd7 {[%clk 0:49:30]} 17. Nc2
{[%clk 0:21:57]} Rae8 {[%clk 0:45:33]} 18. fxe5 dxe5 19. Ne3 {[%clk 0:09:57]} Nh5
{[%clk 0:39:35]} 20. d6 {[%clk 0:07:38]} cxd6 {[%clk 0:37:16]} 21. Bf3
{[%clk 0:02:52]} Nf6 {[%clk 0:35:31]} 22. Bxb7 {[%clk 0:03:06]} Nc5
{[%clk 0:30:19]} 23. Bg2 {[%clk 0:03:21]} Nfe4 {[%clk 0:29:06]} 24. a3
{[%clk 0:02:40]} a4 {[%clk 0:18:47]} 25. b4 {[%clk 0:02:03]} Nb3 {[%clk 0:19:12]}
26. Nd5 {[%clk 0:00:39]} Qe6 {[%clk 0:18:38]} 27. Qd3 {[%clk 0:00:33]} Qg6
{[%clk 0:17:45]} 28. g4 {[%clk 0:00:32]} Nxc1 {[%clk 0:15:46]} 29. Rbxc1
{[%clk 0:00:43]} Ng5 {[%clk 0:14:44]} 30. gxf5 {[%clk 0:00:33]} Rxf5
{[%clk 0:13:27]} 31. Rxf5 {[%clk 0:00:33]} Bxf5 {[%clk 0:13:49]} 32. Qg3
{[%clk 0:00:36]} Bxh3 {[%clk 0:13:50]} 33. Rf1 {[%clk 0:00:33]} Bxg2
{[%clk 0:11:10]} 34. Qxg2 {[%clk 0:00:34]} e4 {[%clk 0:11:31]} 35. Ndf4
{[%clk 0:00:31]} Nf3+ {[%clk 0:10:30]} 36. Kf2 {[%clk 0:00:32]} Qf5
{[%clk 0:06:34]} 37. Rh1 {[%clk 0:00:33]} Ng5 {[%clk 0:06:53]} 38. Ke3
{[%clk 0:00:33]} h6 {[%clk 0:06:34]} 39. Rd1 {[%clk 0:00:44]} Qf7
{[%clk 0:06:03]} 40. Rd5 {[%clk 0:30:36]} Qc7 {[%clk 0:33:08]} 41. c5
{[%clk 0:25:41]} dxc5 {[%clk 0:32:33]} 42. Rxc5 {[%clk 0:25:13]} Qf7
{[%clk 0:28:40]} 43. Rd5 {[%clk 0:17:44]} Qa7+ {[%clk 0:21:38]} 44. Nd4
{[%clk 0:15:44]} Qc7 {[%clk 0:20:34]} 45. Qd2 {[%clk 0:06:11]} Qc4
{[%clk 0:17:32]} 46. Rd7 {[%clk 0:04:53]} Rf8 {[%clk 0:15:41]} 47. b5
{[%clk 0:01:35]} Be5 {[%clk 0:13:36]} 48. Nfe2 {[%clk 0:01:17]} Qb3+
{[%clk 0:13:03]} 49. Qc3 {[%clk 0:00:32]} Rf3+ {[%clk 0:13:08]} 0-1

[Event "Aleksandria Cup"]
[Site "?"]
[Date "2015.07.14"]
[Round "2.4"]
[White "Zubov, Alexander"]
[Black "Morchiachishvili, Bachana"]
[Result "1-0"]
[LiveChessVersion "1.3.1"]
[BlackElo "2332"]
[WhiteElo "2615"]

1. d4 {[%clk 1:30:58]} Nf6 {[%clk 1:30:14]} 2. c4 {[%clk 1:31:18]} e6
{[%clk 1:30:14]} 3. Nf3 {[%clk 1:30:50]} b6 {[%clk 1:30:20]} 4. e3
{[%clk 1:30:11]} Bb7 {[%clk 1:30:40]} 5. Bd3 {[%clk 1:30:24]} d5 {[%clk 1:30:54]}
6. cxd5 {[%clk 1:24:40]} exd5 {[%clk 1:31:10]} 7. O-O {[%clk 1:25:02]} Bd6
{[%clk 1:31:34]} 8. Qa4+ {[%clk 1:21:19]} c6 {[%clk 1:26:42]} 9. Nc3
{[%clk 1:20:13]} O-O {[%clk 1:23:04]} 10. e4 {[%clk 1:19:23]} dxe4
{[%clk 1:23:05]} 11. Nxe4 {[%clk 1:19:50]} Be7 {[%clk 1:15:50]} 12. Nxf6+
{[%clk 1:15:35]} Bxf6 {[%clk 1:15:31]} 13. Be4 {[%clk 1:15:52]} Re8
{[%clk 1:13:23]} 14. Re1 {[%clk 1:10:13]} Na6 {[%clk 1:06:03]} 15. Bf4
{[%clk 1:07:22]} Rc8 {[%clk 0:54:34]} 16. Rad1 {[%clk 1:02:03]} g6
{[%clk 0:50:51]} 17. a3 {[%clk 0:53:15]} b5 {[%clk 0:47:36]} 18. Qb3
{[%clk 0:52:24]} Nc7 {[%clk 0:47:19]} 19. Ne5 {[%clk 0:47:09]} Ne6
{[%clk 0:46:09]} 20. Bg3 {[%clk 0:39:56]} Re7 21. Qe3 {[%clk 0:20:34]} Qb6
{[%clk 0:32:20]} 22. f4 {[%clk 0:20:34]} c5 {[%clk 0:24:30]} 23. d5
{[%clk 0:14:57]} Nxf4 {[%clk 0:10:48]} 24. d6 {[%clk 0:15:13]} Rxe5
{[%clk 0:10:08]} 25. Qxf4 {[%clk 0:15:36]} Rxe4 {[%clk 0:04:43]} 26. Rxe4
{[%clk 0:09:28]} Qc6 {[%clk 0:04:24]} 27. Re2 {[%clk 0:06:36]} Bd4+
{[%clk 0:04:33]} 28. Kh1 {[%clk 0:06:47]} Kg7 {[%clk 0:03:30]} 29. b4
{[%clk 0:05:26]} Re8 {[%clk 0:03:46]} 30. Qd2 {[%clk 0:05:44]} Rxe2
{[%clk 0:00:55]} 31. Qxe2 {[%clk 0:06:11]} Bf6 {[%clk 0:00:48]} 32. d7
{[%clk 0:02:28]} Bd8 {[%clk 0:00:52]} 33. Rd6 {[%clk 0:02:50]} 1-0

[Event "Aleksandria Cup"]
[Site "?"]
[Date "2015.07.14"]
[Round "2.5"]
[White "Mgeladze, Tamaz"]
[Black "Paichadze, Luka"]
[Result "0-1"]
[LiveChessVersion "1.3.1"]
[BlackElo "2566"]
[WhiteElo "2337"]

1. c4 {[%clk 1:30:58]} Nf6 {[%clk 1:30:31]} 2. g3 {[%clk 1:30:59]} e6
{[%clk 1:30:56]} 3. Bg2 {[%clk 1:31:18]} d5 {[%clk 1:31:20]} 4. Nf3
{[%clk 1:31:43]} d4 {[%clk 1:31:22]} 5. O-O {[%clk 1:30:00]} c5 {[%clk 1:31:46]}
6. d3 {[%clk 1:28:54]} Nc6 {[%clk 1:31:54]} 7. e3 {[%clk 1:27:49]} Bd6
{[%clk 1:32:09]} 8. exd4 {[%clk 1:25:26]} cxd4 {[%clk 1:32:32]} 9. a3
{[%clk 1:25:20]} a5 {[%clk 1:32:56]} 10. Bg5 {[%clk 1:25:41]} h6 {[%clk 1:30:32]}
11. Bxf6 {[%clk 1:25:52]} Qxf6 {[%clk 1:30:55]} 12. Nbd2 {[%clk 1:26:08]} Qd8
{[%clk 1:28:23]} 13. Qc2 {[%clk 1:21:09]} O-O {[%clk 1:28:03]} 14. c5 Bc7
{[%clk 1:27:34]} 15. Qa4 {[%clk 1:06:44]} Ra6 {[%clk 1:20:30]} 16. Rfc1
{[%clk 0:55:18]} e5 {[%clk 1:17:51]} 17. Qd1 {[%clk 0:47:35]} Be6
{[%clk 1:10:55]} 18. b3 {[%clk 0:47:51]} Bd5 {[%clk 1:08:19]} 19. Rab1
{[%clk 0:46:59]} Na7 {[%clk 1:06:23]} 20. b4 {[%clk 0:41:50]} Nb5
{[%clk 1:00:51]} 21. Ra1 {[%clk 0:36:55]} Nc3 {[%clk 0:44:41]} 22. Qe1
{[%clk 0:33:19]} f5 {[%clk 0:44:09]} 23. Kh1 Re8 {[%clk 0:41:05]} 24. Qf1
{[%clk 0:18:06]} Qf6 {[%clk 0:38:25]} 25. Ng1 {[%clk 0:16:08]} e4
{[%clk 0:31:14]} 26. Re1 {[%clk 0:16:01]} axb4 {[%clk 0:29:10]} 27. axb4
{[%clk 0:15:42]} Rxa1 {[%clk 0:29:17]} 28. Rxa1 {[%clk 0:16:10]} e3
{[%clk 0:26:19]} 29. Ndf3 {[%clk 0:11:21]} f4 {[%clk 0:22:47]} 30. g4
{[%clk 0:10:19]} e2 {[%clk 0:21:34]} 31. Qc1 {[%clk 0:09:05]} Qg6
{[%clk 0:20:02]} 32. Qd2 {[%clk 0:07:01]} Qxg4 {[%clk 0:09:00]} 33. Re1
{[%clk 0:07:23]} g5 {[%clk 0:08:44]} 34. h3 {[%clk 0:07:29]} Qd7 {[%clk 0:09:05]}
35. Nh2 {[%clk 0:06:47]} h5 {[%clk 0:06:37]} 36. Ngf3 {[%clk 0:03:03]} g4
{[%clk 0:05:18]} 37. hxg4 {[%clk 0:03:30]} hxg4 {[%clk 0:05:45]} 38. Rg1
{[%clk 0:03:58]} Bxf3 {[%clk 0:01:45]} 39. Nxf3 {[%clk 0:03:52]} Qh7+
{[%clk 0:01:38]} 40. Nh2 {[%clk 0:34:20]} Kh8 {[%clk 0:31:07]} 41. Be4
{[%clk 0:24:24]} Nxe4 {[%clk 0:31:18]} 42. dxe4 {[%clk 0:24:49]} Qxe4+
{[%clk 0:31:18]} 43. f3 {[%clk 0:25:10]} e1=Q {[%clk 0:30:53]} 0-1

[Event "Aleksandria Cup"]
[Site "?"]
[Date "2015.07.14"]
[Round "2.6"]
[White "Bortnyk, Olexander"]
[Black "Dimitrijevic, Aleksandra"]
[Result "1-0"]
[LiveChessVersion "1.3.1"]
[BlackElo "2301"]
[WhiteElo "2550"]

1. e4 {[%clk 1:30:58]} d6 {[%clk 1:30:53]} 2. d4 {[%clk 1:31:13]} Nf6
{[%clk 1:31:18]} 3. Nc3 {[%clk 1:31:38]} e5 {[%clk 1:31:44]} 4. Nf3
{[%clk 1:32:02]} Nbd7 {[%clk 1:32:08]} 5. Bc4 {[%clk 1:32:26]} Be7
{[%clk 1:32:34]} 6. O-O {[%clk 1:32:49]} O-O {[%clk 1:33:00]} 7. Re1
{[%clk 1:33:14]} a6 {[%clk 1:32:15]} 8. a4 {[%clk 1:33:36]} b6 {[%clk 1:32:41]}
9. b3 {[%clk 1:26:11]} Bb7 {[%clk 1:28:27]} 10. Ba3 {[%clk 1:19:24]} h6
{[%clk 1:20:07]} 11. Qd2 {[%clk 1:17:37]} Re8 {[%clk 1:11:38]} 12. Rad1 b5 13.
dxe5 {[%clk 1:09:08]} bxc4 {[%clk 1:12:00]} 14. exf6 {[%clk 1:09:33]} Bxf6
{[%clk 1:12:24]} 15. Nd5 {[%clk 1:09:24]} cxb3 {[%clk 0:57:30]} 16. cxb3
{[%clk 1:09:24]} c6 {[%clk 0:50:53]} 17. Nxf6+ {[%clk 1:02:51]} Nxf6
{[%clk 0:51:11]} 18. Qf4 {[%clk 1:01:43]} Qb6 {[%clk 0:46:19]} 19. Bxd6
{[%clk 0:58:13]} c5 {[%clk 0:39:47]} 20. e5 {[%clk 0:55:12]} Nd7 {[%clk 0:39:51]}
21. Re3 {[%clk 0:51:47]} Re6 22. Nh4 {[%clk 0:46:56]} Rd8 {[%clk 0:30:51]} 23.
Nf5 {[%clk 0:42:21]} Nf8 24. Qg3 Ng6 {[%clk 0:22:52]} 25. h4 {[%clk 0:42:09]} h5
{[%clk 0:22:25]} 26. Rc1 {[%clk 0:42:18]} Rc8 {[%clk 0:18:15]} 27. Qg5
{[%clk 0:40:46]} Bd5 {[%clk 0:10:13]} 1-0